000 00543nam a2200193 a 4500
999 _c4001
_d4001
020 _a8131716643 (paperback)
020 _a9788131716649 (paperback)
082 _a004.678STA
100 1 _aStallings, William
245 1 0 _aNetwork Security Essentials: Applications and Standards
250 _a3rd edition
260 _aNew Delhi
_bPearson,
_c2009
300 _a409p.
650 _aComputer networks
650 _aComputer security
650 _aSecurity measures
856 4 0 _uhttp://10.10.170.122:8080/browse/book/25181
942 _cBK